000
00267nam a22001217a 4500
008
180131b xxu||||| |||| 00| 0 eng d
041
_a
eng
080
_a
33
100
_a
52
101
_a
eco
245
_a
economic history of europe
_c
herbert.h
942
_2
udc
_c
BK
999
_c
41420
_d
41420